District Development Profile 2011: Dera Bughti (Record no. 530020)
[ view plain ]
| 000 -LEADER | |
|---|---|
| fixed length control field | 00297nam a22001217a 4500 |
| 003 - CONTROL NUMBER IDENTIFIER | |
| control field | NUST |
| 038 ## - RECORD CONTENT LICENSOR | |
| Staff Name | MSOHAIL |
| 082 ## - DEWEY DECIMAL CLASSIFICATION NUMBER | |
| Classification number | 0 |
| 100 ## - MAIN ENTRY--PERSONAL NAME | |
| Personal name | Planning of Development Department |
| 9 (RLIN) | 23310 |
| 245 ## - TITLE STATEMENT | |
| Title | District Development Profile 2011: Dera Bughti |
| 300 ## - PHYSICAL DESCRIPTION | |
| Extent | 117,p; |
| Dimensions | 28cm |
| Accompanying material | p/b |
| 942 ## - ADDED ENTRY ELEMENTS (KOHA) | |
| Source of classification or shelving scheme | |
| Koha item type | Book |
| Withdrawn status | Lost status | Source of classification or shelving scheme | Damaged status | Not for loan | Permanent Location | Current Location | Date acquired | Total Checkouts | Barcode | Date last seen | Price effective from | Koha item type |
|---|---|---|---|---|---|---|---|---|---|---|---|---|
| School of Civil and Environmental Engineering (SCEE) | School of Civil and Environmental Engineering (SCEE) | 10/08/2019 | NIT-11209 | 10/08/2019 | 10/08/2019 | Book |
